000 00488nam a2200193 a 4500
001 2718
003 CO-ViMGA
008 141112s2004 ck r 000 u spa d
020 _a9684528477
040 _aCO-ViMGA
_bspa
_cCO-ViMGA
082 0 4 _a346.022 P373
100 1 _aPerez Fernández del Castillo, Bernarda
_951766
245 1 0 _aContratos civiles
250 _a3a
260 _aMexico :
_bParrúa,
_c1995
300 _a389 p
650 1 4 _aCONTRATOS CIVILES
_951767
942 _2ddc
_cBK
999 _c14793
_d14793